| 000 | 00953nam a2200277 i 4500 | ||
|---|---|---|---|
| 003 | DO-SdBNP | ||
| 005 | 20230605150447.0 | ||
| 006 | a||||er|||| 00| 0 | ||
| 007 | ta | ||
| 008 | 230605e2022 pr ||||e |||| 00| pdspa d | ||
| 020 | _a9789945608915 | ||
| 040 |
_aDO-SdBNP _bspa _cBNPHU _erda |
||
| 082 | 4 |
_222 _bT693f |
|
| 100 | 1 |
_97105 _aTorres, Daniel, _d1961- |
|
| 245 | 1 | 0 |
_aFusilado dios. / _bDaniel Torres; prólogo, Raúl H. Lugo Rodríguez, Óscar Ortega Arango |
| 264 |
_aSan Juan Puerto Rico : _bIsla Negra, _c2022 |
||
| 300 |
_a73 páginas ; _c21 cm |
||
| 490 | _aFilo de Juego | ||
| 500 | _aIncluye datos biográficos del autor en las solapas de las cubiertas | ||
| 500 | _aEdición vigésimo aniversario 2000-2020 | ||
| 586 | _aPremiado por el PN de Puerto Rico | ||
| 590 | _aInventariado 2023 / MF | ||
| 700 | 1 |
_aLugo Rodríguez, Raúl H., _eprólogo _983507 |
|
| 700 | 1 |
_aOrtega Arango, Óscar, _eprólogo _983508 |
|
| 942 |
_2ddc _cLBS1 |
||
| 999 |
_c53722 _d53722 |
||